000
00302nam a22000977a 4500
008
150617b xxu||||| |||| 00| 0 eng d
010
_8
HCCRSF:003
245
_a
HIGH COURT CRIMINAL SESSION NO.739 OF 1969 Omoto s/o Elau Vs Uganda
260
_a
High Court Kampala
500
_3
BEFORE: Hon. Mr. Justice E. Youds
999
_c
6340
_d
6340